| 000 | 00779nam a2200253 i 4500 | ||
|---|---|---|---|
| 001 | 6755 | ||
| 003 | ES-MaACL | ||
| 005 | 20230906145059.0 | ||
| 007 | t| | ||
| 008 | 900316s1985 sp ||||1| spa d | ||
| 020 | _a84-323-0399-2 | ||
| 080 | _a323.173(466) | ||
| 080 | _a323.283(466)"1959/1968" | ||
| 100 | 1 |
_aJáuregui Bereciartu, Gurutz. _966192 |
|
| 245 | 1 | 0 |
_aIdeologia y estrategia politica de ETA _b: analisis de su evolucion entre 1959 y 1968 / _cpor Gurutz Jauregui Bereciartu. |
| 250 | _a2a ed. | ||
| 260 |
_aMadrid : _bSiglo XXI, _c1985. |
||
| 300 |
_a491 p. ; _c21 cm. |
||
| 500 | _aIndice. | ||
| 504 | _aBibliogr.: p. 475-486. | ||
| 610 | 2 |
_aETA. _94042 |
|
| 650 | 4 |
_aNacionalismo- _zPaís Vasco. _915458 |
|
| 852 |
_aES-MaACL _jL-13966 _bR.117565 _z. - rust. |
||
| 999 |
_c6755 _d6755 |
||